000 01155 a2200229 4500
003 Nust
005 20221229114741.0
010 _a 2004053830
020 _a1580539130 (alk. paper)
040 _cNust
082 _a623.043,POI
100 1 _aPoisel, Richard.
_999332
245 1 0 _aTarget acquisition in communication electronic warfare systems /
_cRichard A. Poisel.
260 _aBoston :
_bArtech House,
_cc2004.
300 _axiii, 354 p. :
_bill. ;
_c24 cm.
440 0 _aArtech House information warfare library
_997929
505 _aIntroduction (Page-1), Deterministic and Stochastic Processes (Page-13), Target Search Methods (Page-43), Hypothesis Testing for Signal Detection (Page-51), Target Parameter Estimation (Page-71), Spectrum Estimation (Page-101), Detection of Deterministic Signals (Page-125), Detection of Stochastic Signals (Page-191), High-Resolution Spectrum Estimation (Page-217), Artificial Reasoning for Target Identification (Page-285), Resource Allocation (Page-321).
650 0 _aMilitary telecommunication.
_999355
650 0 _aSignal detection.
_9106328
650 0 _aTarget acquisition.
_999334
942 _2ddc
_cBK
999 _c183587
_d183587